• 首页
  • 本馆介绍
  • 公告通知
  • 最新文献
  • 馆藏检索
  • 电子资源
  • 读者导购
  • 参考咨询
  • 我的图书馆
  • 登录
  • 详细信息显示
  • 放入我的书架
  • 预约/预借图书
  • 作者相关作品
  • 分类相关作品
  • 丛书相关作品
  • 出版社相关作品

书目信息

  • 表格格式
  • 工作单格式
  • 卡片格式
题名:
激荡十年,水大鱼大
    
 
作者: 吴晓波 著
分册:  
出版信息: 北京   中信出版集团股份有限公司  2017
页数: 13,333页
开本: 21cm
丛书名: 吴晓波企业史系列
单 册:
中图分类: F279.29
科图分类:
主题词: 企业史--中国--2008-2017
电子资源:
ISBN: 978-7-5086-8262-4
000 01038oam2 2200277 45
001 012001005651
005 20080820150434.0
010    @a978-7-5086-8262-4@b精装@dCNY58.00
100    @a20180217d2017 em y0chiy50 ea
101 0  @achi
102    @aCN@b110000
105    @aa z 000yy
106    @ar
200 1  @a激荡十年,水大鱼大@9ji dang shi nian,shui da yu da@e中国企业2008-2018@f吴晓波著
210    @a北京@c中信出版集团股份有限公司@d2017
215    @a13,333页@c图,照片@d21cm
225 1  @a吴晓波企业史系列
300    @a其他题名:中国企业2008-2018
330    @a本书描述了从2008年到2017年底,中国企业界发生的巨大变化和产生的影响。全书内容包括:2008:不确定的开始、2009:V型反弹的代价、2010:超越日本、2012:落幕上半场、2013:金钱永不眠等。
461  0 @12001 @a吴晓波企业史系列
517 1  @a中国企业2008-2018@9zhong guo qi ye 2008-2018
606 0  @a企业史@y中国@z2008-2017
690    @aF279.29@v5
701  0 @a吴晓波@9wu xiao bo@f(1968-)@4著
801  0 @aCN@b上海新华@c20181010
905    @b1174851-5@dF279.29@e1665@f5
    
    激荡十年,水大鱼大:中国企业2008-2018/吴晓波著.-北京:中信出版集团股份有限公司,2017
    13,333页:图,照片;21cm.-(吴晓波企业史系列)
    其他题名:中国企业2008-2018
    
    ISBN 978-7-5086-8262-4(精装):CNY58.00
    本书描述了从2008年到2017年底,中国企业界发生的巨大变化和产生的影响。全书内容包括:2008:不确定的开始、2009:V型反弹的代价、2010:超越日本、2012:落幕上半场、2013:金钱永不眠等。
●
相关链接 在E读中查询图书 在五车中查询图书 在当当中查询图书 在豆瓣中查询图书


正题名:激荡十年,水大鱼大     索取号:F279.29/1665         预约/预借

序号 登录号 条形码 馆藏地/架位号 状态 备注
1 1174851   211748518   第一样本阅览室/ [索取号:F279.29/1665] 在馆    
2 1174852   211748527   第一借阅区/ [索取号:F279.29/1665] 在馆    
3 1174853   211748536   第一借阅区/ [索取号:F279.29/1665] 在馆    
4 1174854   211748545   密集书库-海洋学院/ [索取号:F279.29/1665] 在馆    
5 1174855   211748554   第一借阅区/ [索取号:F279.29/1665] 在馆    
唐山师范学院图书馆 欢迎您!
大连网信软件有限公司© 版权所有